00000000nam 2200000zi 4500
0019.918631
003CaOODSP
00520230601081127
006m     o  d f      
007cr |n|||||||||
008221221t20232022onca    o    f000 0 eng d
020 |a9780660460499
040 |aCaOODSP|beng|erda|cCaOODSP
043 |an-cn---
0861 |aNR16-414/2023E-PDF
24500|aEmerging technology snapshot : |beducation and training of mental skills.
264 1|a[Ottawa] : |bNational Research Council Canada = Conseil national de recherches Canada, |cFebruary 2023.
264 4|c©2022
300 |a1 online resource (2 unnumbered pages) : |billustrations
336 |atext|btxt|2rdacontent
337 |acomputer|bc|2rdamedia
338 |aonline resource|bcr|2rdacarrier
500 |aIssued also in French under title: Technologie émergente en bref : formation et développement des capacités intellectuelles.
61010|aCanada. |bCanadian Armed Forces |xEmployees|xTraining of.
650 0|aMilitary education|zCanada.
7102 |aNational Research Council Canada, |eissuing body.
77508|tTechnologie émergente en bref : |w(CaOODSP)9.918632
85640|qPDF|s365 KB|uhttps://publications.gc.ca/collections/collection_2023/cnrc-nrc/NR16-414-2023-eng.pdf